|
|
|
|
| LEADER |
00000nam0a2200000 4500 |
| 001 |
6298 |
| 005 |
20231030180029.0 |
| 010 |
|
|
|a 5882941148
|
| 010 |
|
|
|a 2-501-01998-9
|
| 035 |
|
|
|a (RuTPU)RU\TPU\book\6331
|
| 035 |
|
|
|a BOOK00006387
|
| 090 |
|
|
|a 6298
|
| 100 |
|
|
|a 20011209d1997 am y0rusy50 ca
|
| 101 |
1 |
|
|a rus
|c fre
|
| 102 |
|
|
|a RU
|
| 105 |
|
|
|a a z 000zy
|
| 200 |
1 |
|
|a 50 великих дат мировой истории
|a 50 grandes dates de l'histoire mondiale
|e пер. с фр.
|f Ж. Шулер
|g пер. с фр., науч. ред. Д. П. Урсу
|
| 210 |
|
|
|a Челябинск
|c Урал LTD
|d 1997
|
| 215 |
|
|
|a 280 с.
|c ил.
|
| 606 |
1 |
|
|a Всеобщая история
|2 stltpush
|3 (RuTPU)RU\TPU\subj\3762
|
| 610 |
1 |
|
|a история
|
| 610 |
1 |
|
|a всемирная история
|
| 686 |
|
|
|a Т3(0)
|v LBC/SL-A
|2 rubbk
|
| 700 |
|
1 |
|a Шулер
|b Ж.
|g Жюль
|
| 702 |
|
1 |
|a Урсу
|b Д. П.
|4 340
|4 730
|
| 801 |
|
0 |
|a RU
|b 63413507
|c 20011209
|g PSBO
|
| 801 |
|
2 |
|a RU
|b 63413507
|c 20230210
|g PSBO
|
| 942 |
|
|
|c BK
|